South Eastern Kenya University

Library Online Public Access Catalogue


A course in electrical and electronic measurements and instrumentation. (Record no. 656)

MARC details
000 -LEADER
fixed length control field 00260nam a22000977a 4500
050 ## - LIBRARY OF CONGRESS CALL NUMBER
Classification Number TK 275
Item Number .S2 2011
100 ## - MAIN ENTRY--Author
Personal name A.K SAWHNEY
245 ## - TITLE
Title A course in electrical and electronic measurements and instrumentation.
300 ## - PHYSICAL DESCRIPTION
Extent xv, 1213 p. ill. 23 cm.
942 ## - ADDED ENTRY ELEMENTS(KOHA)
Koha item type General circulation
Holdings
Source of classification or shelving scheme Not for loan Location (home branch) Sublocation (holding branch) Date accessioned Cost, normal purchase price Full call number Barcode Copy number Cost, replacement price Koha item type Public note
Library of Congress Classification   Main Campus Library SEKU-BINDERY 11/08/2014 2174.13 TK 275 .S2 2011 007742 C1 2674.13 General circulation KIM
Library of Congress Classification   Main Campus Library SEKU-BINDERY 11/08/2014 2174.13 TK 275 .S2 2011 007743 C2 2674.13 General circulation KIM
Kitui, Kenya.
+254736116989
library@seku.ac.ke